70. let Československé lehké atletiky
| Main Author: | |
|---|---|
| Format: | Book |
| Language: | Undetermined |
| PhysicalDescription: | 119 s. |
| Published: |
Praha
Olympia
1968
|
MARC
| LEADER | 00000nam a2200000 a 4500 | ||
|---|---|---|---|
| 001 | vtls001322848 | ||
| 003 | SK-MaSNL | ||
| 005 | 20260301114142.0 | ||
| 008 | 240318s1968 xx 0 und | ||
| 035 | |a SNK000275532 | ||
| 040 | |a SNK |b slo |c SNK |e AACR2 | ||
| 100 | 1 | |a Janecký, Alfred, |d 1918-1981 |4 aut |9 66927 | |
| 245 | 1 | 0 | |a 70. let Československé lehké atletiky |
| 260 | |a Praha |b Olympia |c 1968 | ||
| 300 | |a 119 s. | ||
| 958 | |a OND | ||
| 999 | |c 717313 |d 719243 | ||
| 952 | |a SNK |b SNK |y VYP |7 0 |p 17A1349178 |o snkIC 42558 |i snkKIP 2813/68 |0 0 |1 0 |4 0 |d 1998-03-02 |l 0 |r 2005-01-02 00:00:00 |w 2026-02-23 | ||


